000 00655nam a2200205 i 4500
001 49706
003 ES-MaACL
005 20240509185813.0
007 t|
008 030722m1939 xxk ||||1| eng d
100 1 _aCoulton, George Gordon.
_941246
245 1 0 _aFive centuries of religion /
_cby G.G. Coulton.
250 _a[1st ed.].
260 _aCambridge :
_bUniversity Press,
_c1939- (
_fW. Lewis)
300 _a1 v. ;
_c23 cm.
505 8 _aContiene: II: The friars and the dead weight of tradition : 1200-1400 A.D.
650 0 4 _aÓrdenes y congregaciones religiosas
_915747
852 _aES-MaACL
_jP-966
999 _c49706
_d49706